| 000 | 00827nam a2200205Ia 4500 | ||
|---|---|---|---|
| 008 | 0000001982 fi a 0000000000ger00 | ||
| 090 | _aPRU00 R87 | ||
| 245 | 1 | 0 |
_aRussische Malereiheute _c/ fotos Robert Lebech, Thomas Kaimer, Jurgen Aick |
| 300 |
_a24 p. _c/ 20 cm. |
||
| 500 | _aCon el patronazgo del maestro venezolano Jesús Rafael Soto (q.e.p.d.) | ||
| 505 | _aMikhall S. Borisow Georgy Petrovich Kichigin Boris Vladimirovich Okorokow Yanis Arturovich Strupullis Toomas Endelevich Vint I. Oskarovich Wetsozols | ||
| 650 | 1 | 4 | _aARTE CONTEMPORANEO RUSO |
| 650 | 1 | 4 | _xCATALOGOS |
| 650 | 1 | 4 | _aPINTORES LETONES |
| 650 | 1 | 4 | _aPINTORES RUSOS |
| 650 | 1 | 4 | _aPINTURA LETONA |
| 650 | 1 | 4 | _aPINTURA RUSA |
| 700 | 1 | _aLebech, Robert \ Kaimer, Thomas \ Aick, Jurgen | |
| 999 |
_c2351 _d2351 |
||
| 260 |
_aHelsinki : [s.n.] _c1982 |
||